000 004700000a22001810004500
003 MACL
005 20150823113926.0
008 150823b xxu||||| |||| 00| 0 eng d
040 _aMACL
_cMACL
041 _aEnglish
082 _a641.336/PAL
100 _aPalanichamy, V.
_96916
245 _aAdministrative Challenges In Sugar Industry
260 _aChennai
_bSri Maruthy Books House
_c2003
350 _a300
650 _aTechnology
_96917
942 _cBK
_k641.336
_2ddc
999 _c1484
_d1484